| 000 | 00679nam a2200241Ia 4500 | ||
|---|---|---|---|
| 003 | GCL | ||
| 008 | 140319s9999 xx 000 0 ara d | ||
| 040 |
_aGCL / _cGCL |
||
| 082 | 0 | 4 |
_a301.42 _bس ا |
| 100 | 1 | _aسناء الخولى | |
| 245 | 1 | 0 |
_aالاسرة والحياة العائلية / _cسناء الخولى |
| 260 |
_a[S.N] : _bدار المعرفة الجامعية ، _c1994 |
||
| 300 | _a376 ص | ||
| 490 | _a | ||
| 650 | 0 | 4 | _aالاسرة |
| 650 | 0 | 4 | _aالزواج |
| 650 | 0 | 4 | _aالاجتماع |
| 650 | 0 | 4 | _aالعائلة |
| 650 | 0 | 4 | _aمشاكل اجتماعية |
| 650 | 0 | 4 | _aالمشاكل |
| 650 | 0 | 4 | _aعمل المراة |
| 942 |
_2ddc _cBK |
||
| 999 |
_c29559 _d29559 |
||